[Event "1. liga V 24/25, Trinec-BSS"]
[Site ""]
[Date "2024.11.24"]
[Round "3.7"]
[White "Pilch, Roman"]
[Black "Kubala, Martin"]
[Result "0-1"]
[WhiteFideId "337870"]
[BlackFideId "304875"]
[WhiteElo "2195"]
[BlackElo "2381"]
[PlyCount "0"]
[WhiteTeam "TJ TZ Trinec"]
[BlackTeam "BSS Frydek-Mistek B"]
[EventDate "2024.10.20"]

1. Nf3 Nf6 2. g3 b5 3. c3 c5 4. Bg2 Bb7 5. d4 e6 6. O-O Be7 7. Bf4 d5 8. a4
bxa4 9. Qxa4+ Nbd7 10. dxc5 Bxc5 11. Nbd2 O-O 12. Nb3 Nb6 13. Qa2 Bd6 14. Na5
Bxf4 15. Nxb7 Qc7 16. gxf4 Qxb7 17. Ne5 Qc7 18. Rfd1 g5 19. fxg5 Qxe5 20. gxf6
Qxe2 21. Rd4 Kh8 22. b3 Qe5 23. Qd2 Qxf6 24. f4 Nc8 25. Kh1 Rb8 26. b4 Nd6 27.
Ra6 Rb6 28. Ra2 Nb5 29. Rd3 Rc8 30. f5 Rxc3 31. Rxa7 Nxa7 32. Rxc3 Rxb4 33.
Rc1 Ra4 34. Rf1 Ra1 35. Qb4 h5 36. Qc5 exf5 37. Qxd5 Nc8 38. Qf3 h4 39. Rxa1
Qxa1+ 40. Bf1 Ne7 41. Kg2 Qf6 42. Bd3 Qg5+ 43. Kf2 Kg7 44. Kf1 Qg4 45. Kf2 Kf6
46. Be2 Qe4 47. Bd3 Qd4+ 48. Kg2 Qg4+ 49. Kf2 Ng6 50. Be2 Qe4 51. Qd3 Qf4+ 52.
Kg1 Qc1+ 53. Kf2 Qf4+ 54. Kg1 Ne5 55. Qd8+ Kg7 56. Qd5 Ng4 57. Qg2 Kh6 58.
Qc6+ Kg5 59. Qg2 Kh6 60. Qc6+ f6 61. Bxg4 fxg4 62. Qe8 Qc1+ 63. Kf2 Qc2+ 64.
Kg1 Qg6 65. Qe3+ Qg5 66. Qe8 Qc5+ 67. Kf1 Qf5+ 68. Kg1 h3 69. Qf8+ Kg5 70.
Qg8+ Qg6 71. Qd5+ Kh4 72. Qb3 g3 73. Qb4+ Kh5 74. Qb5+ Kh6 75. Qb2 Qg5 76.
hxg3 Qxg3+ 77. Kh1 Qf3+ 78. Kh2 Kg5 79. Qb5+ f5 80. Qb2 Qg2+ 81. Qxg2+ hxg2
82. Kxg2 Kg4 0-1

[Event "1. liga V 24/25, Trinec-BSS"]
[Site ""]
[Date "2024.11.24"]
[Round "3.8"]
[White "Weissmann, Lukas"]
[Black "Schoupal, Patrik"]
[Result "1/2-1/2"]
[WhiteFideId "315087"]
[BlackFideId "320374"]
[WhiteElo "2104"]
[BlackElo "1959"]
[PlyCount "0"]
[WhiteTeam "BSS Frydek-Mistek B"]
[BlackTeam "TJ TZ Trinec"]
[EventDate "2024.10.20"]

1. e4 e5 2. Nf3 Nc6 3. Bb5 f5 4. d3 fxe4 5. dxe4 Nf6 6. O-O d6 7. Qd3 a6 8.
Bxc6+ bxc6 9. Nc3 Be7 10. Rd1 Be6 11. Ng5 Bg8 12. f4 Nd7 13. Qh3 Bxg5 14. fxg5
Qe7 15. Rf1 Be6 16. Qg3 Rf8 17. Bd2 O-O-O 18. Be3 Rxf1+ 19. Rxf1 Rf8 20. Rd1
c5 21. b3 Nb8 22. Nd5 Bxd5 23. exd5 c6 24. dxc6 Nxc6 25. Qh3+ Kc7 26. c3 g6
27. Qg4 1/2-1/2

[Event "1. liga V 24/25, Jundrov-Dobra"]
[Site ""]
[Date "2024.11.24"]
[Round "3.1"]
[White "Fiala, Vaclav"]
[Black "Marek, Matyas"]
[Result "0-1"]
[WhiteFideId "331503"]
[BlackFideId "335398"]
[WhiteElo "2219"]
[BlackElo "2307"]
[PlyCount "0"]
[WhiteTeam "Jezdci Jundrov"]
[BlackTeam "Sokol Dobra"]
[EventDate "2024.10.20"]

1. e4 e5 2. f4 d5 3. exd5 exf4 4. Nf3 Nf6 5. Bb5+ Bd7 6. Bxd7+ Qxd7 7. O-O Nxd5
8. Re1+ Be7 9. c4 Nb6 10. d4 O-O 11. Ne5 Qd8 12. Bxf4 Bf6 13. b3 Nc6 14. Nxc6
bxc6 15. Be5 c5 16. Nc3 cxd4 17. Bxf6 Qxf6 18. Ne4 Qe5 19. Ng3 Qd6 20. Ne4 Qe5
21. Ng3 Qd6 22. Qh5 g6 23. Qg5 f5 24. Re7 Nc8 25. Re2 d3 26. Ree1 Qd4+ 27. Kh1
Nd6 28. Nf1 Rae8 29. h4 Ne4 0-1

[Event "1. liga V 24/25, Jundrov-Dobra"]
[Site ""]
[Date "2024.11.24"]
[Round "3.2"]
[White "Kula, Dominik"]
[Black "Bures, Jaroslav"]
[Result "1/2-1/2"]
[WhiteFideId "344338"]
[BlackFideId "322890"]
[WhiteElo "2199"]
[BlackElo "2405"]
[PlyCount "0"]
[WhiteTeam "Sokol Dobra"]
[BlackTeam "Jezdci Jundrov"]
[EventDate "2024.10.20"]

1. e4 c5 2. Nf3 e6 3. d4 cxd4 4. Nxd4 Nc6 5. Nc3 Qc7 6. Be2 Nf6 7. O-O a6 8.
Kh1 Bb4 9. Nxc6 Qxc6 10. f3 O-O 11. Qd3 d5 12. exd5 Nxd5 13. Nxd5 exd5 14. f4
Rd8 15. f5 Be7 16. Be3 Bf6 17. c3 b5 18. Bd4 Bb7 19. Rad1 Rd7 1/2-1/2

[Event "1. liga V 24/25, Jundrov-Dobra"]
[Site ""]
[Date "2024.11.24"]
[Round "3.3"]
[White "Blatny, Pavel"]
[Black "Fizer, Marek"]
[Result "1/2-1/2"]
[WhiteFideId "300047"]
[BlackFideId "391980"]
[WhiteElo "2325"]
[BlackElo "2134"]
[PlyCount "0"]
[WhiteTeam "Jezdci Jundrov"]
[BlackTeam "Sokol Dobra"]
[EventDate "2024.10.20"]

1. d4 d5 2. Nf3 Nf6 3. Bf4 c5 4. c3 Nc6 5. e3 Qb6 6. Qb3 c4 7. Qc2 Bf5 8. Qc1
e6 9. h3 h6 10. Nbd2 Be7 11. Bh2 Qa5 12. Be2 b5 13. a3 Qb6 14. O-O O-O 15. Re1
a5 16. Bd1 b4 17. Bc2 bxc3 18. bxc3 a4 19. Ne5 Na5 20. Bxa4 Rfc8 21. f3 Nb3 22.
Bxb3 cxb3 23. Qb2 Bc2 24. c4 dxc4 25. Nexc4 Qa6 26. Nxb3 Qxc4 27. Nc5 Bxc5 28.
dxc5 Rxc5 29. Rac1 Rac8 30. Be5 Ne8 31. Bd4 Rb5 32. Rxc2 Rxb2 33. Rxc4 Rxg2+
34. Kxg2 Rxc4 35. Rb1 Nd6 36. Rb2 Nf5 37. Bb6 Rc3 38. a4 Nxe3+ 39. Bxe3 Rxe3
40. Ra2 Rd3 41. a5 Rd7 42. Kf2 Kf8 43. Rb2 Ra7 44. Rb5 Ke7 45. Ke3 Kd6 46. Kd4
Ra6 47. Kc4 f6 48. Kb4 g5 49. Rb7 Ke5 50. Rh7 Kf4 51. Rxh6 f5 52. Kb5 Ra8 53.
Rxe6 Kxf3 54. Rf6 Ke4 55. Rg6 Kf4 56. a6 g4 57. hxg4 fxg4 58. Kb6 g3 59. Kb7
Re8 60. a7 Re7+ 61. Kb6 Rxa7 62. Kxa7 Kf3 63. Kb6 g2 64. Kc5 Kf2 65. Rf6+ Ke2
66. Rg6 Kf2 67. Rxg2+ Kxg2 1/2-1/2

[Event "1. liga V 24/25, Jundrov-Dobra"]
[Site ""]
[Date "2024.11.24"]
[Round "3.4"]
[White "Kratochvil, Josef"]
[Black "Buchta, Vaclav"]
[Result "0-1"]
[WhiteFideId "328626"]
[BlackFideId "23739118"]
[WhiteElo "2251"]
[BlackElo "2212"]
[PlyCount "0"]
[WhiteTeam "Sokol Dobra"]
[BlackTeam "Jezdci Jundrov"]
[EventDate "2024.10.20"]

1. e4 Nf6 2. e5 Nd5 3. d4 d6 4. c4 Nb6 5. exd6 cxd6 6. Nc3 g6 7. Be3 Bg7 8. Rc1
d5 9. b3 dxc4 10. bxc4 O-O 11. Be2 Nc6 12. d5 Ne5 13. Bd4 e6 14. f4 Ned7 15.
Nf3 Nf6 16. d6 Nbd7 17. O-O b6 18. Ne5 Bb7 19. Bf3 Qc8 20. Nb5 Ne8 21. Nxd7
Qxd7 22. Bxb7 Qxb7 23. Bxg7 Nxg7 24. Qd3 Rad8 25. Rfd1 Ne8 26. Qa3 a6 27. Nc3
Qc6 28. Qa4 Qc5+ 29. Kh1 Nxd6 30. Ne2 Ne4 31. Rxd8 Nf2+ 0-1

[Event "1. liga V 24/25, Jundrov-Dobra"]
[Site ""]
[Date "2024.11.24"]
[Round "3.5"]
[White "Seidl, Stepan"]
[Black "Kanakova, Natalie"]
[Result "0-1"]
[WhiteFideId "338290"]
[BlackFideId "350486"]
[WhiteElo "2169"]
[BlackElo "2142"]
[PlyCount "0"]
[WhiteTeam "Jezdci Jundrov"]
[BlackTeam "Sokol Dobra"]
[EventDate "2024.10.20"]

1. e4 c5 2. Nf3 Nc6 3. c3 Nf6 4. e5 Nd5 5. d4 cxd4 6. cxd4 d6 7. Nc3 e6 8. Bd3
Nxc3 9. bxc3 dxe5 10. dxe5 Be7 11. Qe2 O-O 12. h4 Qd5 13. Rb1 a6 14. c4 Qd7 15.
Bxh7+ Kxh7 16. Ng5+ Kg8 17. Rb3 Bb4+ 18. Rxb4 Nxb4 19. Ba3 Qd3 20. Bxb4 Qb1+
21. Qd1 Qxb4+ 22. Kf1 Qxc4+ 23. Kg1 Bd7 24. Qxd7 Rad8 25. Qxb7 Rd1+ 26. Kh2
Qf4+ 0-1

[Event "1. liga V 24/25, Jundrov-Dobra"]
[Site ""]
[Date "2024.11.24"]
[Round "3.6"]
[White "Slanina, Miroslav"]
[Black "Novosadova, Kristyna"]
[Result "1-0"]
[WhiteFideId "304867"]
[BlackFideId "328065"]
[WhiteElo "2146"]
[BlackElo "2078"]
[PlyCount "0"]
[WhiteTeam "Sokol Dobra"]
[BlackTeam "Jezdci Jundrov"]
[EventDate "2024.10.20"]

1. d4 Nf6 2. Nf3 g6 3. Bf4 Bg7 4. e3 c5 5. c3 d5 6. Nbd2 Nc6 7. h3 Qb6 8. Qb3
c4 9. Qxb6 axb6 10. a3 Bf5 11. Be2 O-O 12. O-O Nd7 13. g4 Bc2 14. Rac1 Ba4 15.
e4 dxe4 16. Nxe4 Na5 17. Ned2 Bc6 18. Rfe1 Rfc8 19. Bf1 Kf8 20. Ne5 Nxe5 21.
Bxe5 Bh6 22. f4 f6 23. g5 fxg5 24. Nxc4 Nxc4 25. Bxc4 gxf4 26. Be6 Rd8 27. Bc7
f3 28. Rc2 Ke8 29. Kf2 Bg5 30. Kg3 Bf6 31. Bxd8 Rxd8 32. Rd2 Bg5 33. Rf2 Rd6
34. h4 Bh6 35. Bg4 g5 36. h5 Bg7 37. Re6 Rd8 38. Bxf3 Rc8 39. Rfe2 Bf8 40. R6e5
h6 41. Re6 Rc7 42. Rg6 b5 43. d5 Bd7 44. d6 Rc5 45. dxe7 Bxe7 46. Rg7 1-0

[Event "1. liga V 24/25, Jundrov-Dobra"]
[Site ""]
[Date "2024.11.24"]
[Round "3.7"]
[White "Gabriel, Adam"]
[Black "Filip, Tomas"]
[Result "1/2-1/2"]
[WhiteFideId "332020"]
[BlackFideId "358037"]
[WhiteElo "2295"]
[BlackElo "1977"]
[PlyCount "0"]
[WhiteTeam "Jezdci Jundrov"]
[BlackTeam "Sokol Dobra"]
[EventDate "2024.10.20"]

1. b3 d5 2. Bb2 Nf6 3. e3 Bf5 4. Nf3 e6 5. c4 c6 6. Be2 Nbd7 7. O-O Bd6 8. d4
Ne4 9. c5 Bc7 10. b4 Qf6 11. Nbd2 g5 12. Nxe4 Bxe4 13. b5 Qh6 14. g3 Qh3 15.
Re1 h5 16. Bf1 Qf5 17. Nd2 Bc2 18. e4 Bxd1 19. exf5 Bg4 20. fxe6 Bxe6 21. Nf3
Rg8 22. bxc6 bxc6 23. Re3 Ke7 24. Bc1 Kf6 25. Rb3 g4 26. Nh4 Rgb8 27. Bd3 Rxb3
28. axb3 Rb8 29. Bc2 Rb7 30. Bh6 a5 31. Bd2 Rb5 32. Ra3 Nf8 33. Bd3 Rb7 34. Ng2
Bf5 35. Ba6 Ra7 36. Be2 Ne6 37. Bc3 Rb7 38. Ne3 Bg6 39. Bd1 Rb5 40. Kg2 Be4+
41. Kf1 Bd3+ 42. Ke1 Ng5 43. Kd2 Bg6 44. Kc1 Bd3 45. Kd2 Bg6 46. Kc1 Bd3
1/2-1/2

[Event "1. liga V 24/25, Jundrov-Dobra"]
[Site ""]
[Date "2024.11.24"]
[Round "3.8"]
[White "Keprt, Pavel"]
[Black "Svobodova, Michaela"]
[Result "1/2-1/2"]
[WhiteFideId "306533"]
[BlackFideId "302767"]
[WhiteElo "1997"]
[BlackElo "1952"]
[PlyCount "0"]
[WhiteTeam "Sokol Dobra"]
[BlackTeam "Jezdci Jundrov"]
[EventDate "2024.10.20"]

1. e4 e5 2. Bc4 Nf6 3. d3 d5 4. exd5 Nxd5 5. Qe2 Nc6 6. Nf3 Qd6 7. Nc3 Nxc3 8.
bxc3 Be7 9. a4 O-O 10. O-O Be6 11. Ba3 Qd7 12. Bxe7 Qxe7 13. Bb5 Qd6 14. Rfe1
Bd5 15. Bxc6 Qxc6 16. Qxe5 Bxf3 17. gxf3 Rae8 18. Qb5 Rxe1+ 19. Rxe1 Qxc3 20.
Re2 c6 21. Qxb7 Qa1+ 22. Kg2 Qxa4 23. Qd7 a5 24. c4 g6 25. Re5 Qa1 26. Rc5 Rb8
27. Qxc6 a4 28. Rb5 Rd8 29. Rd5 Rb8 30. Rb5 Rd8 31. Rd5 1/2-1/2

[Event "1. liga V 24/25, Chotebor-Dobra"]
[Site ""]
[Date "2024.12.08"]
[Round "4.1"]
[White "Brozka, Karel"]
[Black "Hrbek, Stepan"]
[Result "1/2-1/2"]
[WhiteFideId "398705"]
[BlackFideId "393479"]
[WhiteElo "2197"]
[BlackElo "2405"]
[PlyCount "0"]
[WhiteTeam "TJ CHS Chotebor"]
[BlackTeam "Sokol Dobra"]
[EventDate "2024.10.20"]

1. d4 Nf6 2. c4 e6 3. Nf3 b6 4. g3 Ba6 5. Qc2 c5 6. d5 exd5 7. cxd5 Bb7 8. Bg2
Nxd5 9. O-O Be7 10. Rd1 Nc6 11. Qa4 Nf6 12. Nh4 O-O 13. Nf5 d5 14. Nc3 Nd4 15.
Nxd4 cxd4 16. Rxd4 Bc5 17. Rd3 Qc8 18. b4 Be7 19. Bb2 Qc4 20. a3 a5 21. b5
Rac8 22. Qxc4 Rxc4 23. Nxd5 Nxd5 24. Bxd5 Bxd5 25. Rxd5 Rc2 26. Bd4 Rd2 27. e4
Rxd4 28. Rxd4 Bf6 29. Rad1 Bxd4 30. Rxd4 Rc8 31. h4 Kf8 32. Kg2 Ke7 33. a4 Rc3
34. h5 Rb3 35. Kf1 Rb2 36. Rc4 g6 37. h6 g5 38. f4 gxf4 39. gxf4 Rh2 40. Rc7+
Ke8 41. Rc6 Ra2 42. Rc4 Rh2 43. Rc6 Ra2 44. Rc4 1/2-1/2

[Event "1. liga V 24/25, Chotebor-Dobra"]
[Site ""]
[Date "2024.12.08"]
[Round "4.2"]
[White "Marek, Matyas"]
[Black "Vesely, Vitek"]
[Result "1-0"]
[WhiteFideId "335398"]
[BlackFideId "348880"]
[WhiteElo "2311"]
[BlackElo "2192"]
[PlyCount "0"]
[WhiteTeam "Sokol Dobra"]
[BlackTeam "TJ CHS Chotebor"]
[EventDate "2024.10.20"]

1. Nf3 Nf6 2. g3 b6 3. Bg2 Bb7 4. O-O e6 5. d3 d5 6. Nbd2 Be7 7. e4 dxe4 8.
dxe4 c5 9. e5 Nfd7 10. Re1 Nc6 11. c3 Qc7 12. Qe2 h6 13. Nf1 g5 14. h3 O-O-O
15. g4 h5 16. Ng3 hxg4 17. hxg4 Rdg8 18. b4 cxb4 19. cxb4 Bxb4 20. Bd2 Nc5 21.
Rab1 Bxd2 22. Qxd2 Rd8 23. Qe3 Nd3 24. Rec1 Nxc1 25. Rxc1 Kb8 26. Nxg5 Rhg8
27. N3e4 Qxe5 28. Nxf7 Qb2 29. Nxd8 Nxd8 30. g5 e5 31. Nf6 Rg7 32. Rd1 Ne6 33.
Nd7+ Kc7 34. Nxe5 Bxg2 35. Nc4 Qb5 36. Qg3+ Kc6 37. Qxg2+ Kc7 38. Qg3+ Kc6 39.
Qd6+ Kb7 40. Qxe6 Rxg5+ 41. Kf1 Qc5 42. Qd7+ Ka6 43. Qa4+ Kb7 44. Rd7+ Kc8 45.
Nd6+ Kb8 46. Qxa7# 1-0

[Event "1. liga V 24/25, Chotebor-Dobra"]
[Site ""]
[Date "2024.12.08"]
[Round "4.3"]
[White "Jun, Rudolf"]
[Black "Berezjuk, Sergej"]
[Result "1-0"]
[WhiteFideId "376612"]
[BlackFideId "312614"]
[WhiteElo "2207"]
[BlackElo "2359"]
[PlyCount "0"]
[WhiteTeam "TJ CHS Chotebor"]
[BlackTeam "Sokol Dobra"]
[EventDate "2024.10.20"]

1. e4 e5 2. Nf3 Nf6 3. Nc3 Bb4 4. Nxe5 O-O 5. Be2 Re8 6. Nf3 Nxe4 7. Nxe4 Rxe4
8. O-O d5 9. d4 Re8 10. Ne5 Bd6 11. Bf4 Nd7 12. Nd3 Nf8 13. Bf3 Ng6 14. Bg3
Bf5 15. Nc5 Rb8 16. Bxd5 Bxc5 17. dxc5 Qe7 18. b4 Rbd8 19. Qf3 Bxc2 20. Bxb7
Bd3 21. Rfc1 f5 22. Bc6 Rf8 23. Bd5+ Kh8 24. Re1 Qd7 25. Be6 Qb5 26. Bxc7 Rd4
27. Bd6 Rd8 28. a3 Be4 29. Qe3 Rd3 30. Qg5 R8xd6 31. cxd6 Rxd6 32. Rxe4 1-0

[Event "1. liga V 24/25, Chotebor-Dobra"]
[Site ""]
[Date "2024.12.08"]
[Round "4.4"]
[White "Kula, Dominik"]
[Black "Hrbek, Jachym"]
[Result "1/2-1/2"]
[WhiteFideId "344338"]
[BlackFideId "23709138"]
[WhiteElo "2193"]
[BlackElo "2071"]
[PlyCount "0"]
[WhiteTeam "Sokol Dobra"]
[BlackTeam "TJ CHS Chotebor"]
[EventDate "2024.10.20"]

1. Nf3 d5 2. b3 Nf6 3. Bb2 e6 4. g3 Be7 5. Bg2 O-O 6. O-O c5 7. d3 b5 8. e4
Bb7 9. e5 Nfd7 10. c3 Nc6 11. d4 f6 12. exf6 Bxf6 13. Qe2 Re8 14. dxc5 Nxc5
15. Qxb5 Qb6 16. Qxb6 axb6 17. Rd1 Nb4 18. Nd4 Nxa2 19. b4 Bxd4 20. bxc5 Bxc5
21. Rd2 Bc6 22. Re2 Nc1 23. Rc2 Nd3 24. Ba3 Rf8 25. Raa2 Ba4 26. Re2 Bb3 27.
Bxc5 Rxa2 28. Rxa2 bxc5 29. Re2 Kf7 30. Nd2 Rb8 31. Nf3 Bd1 32. Re3 Rb1 33.
Bf1 c4 34. Ng5+ Kf6 35. Nxh7+ Kf5 36. Kg2 Rb8 37. h4 Ne5 38. Ng5 Rb2 39. Kg1
Rc2 40. Nxe6 Kxe6 41. f4 Bg4 42. Rxe5+ Kf6 43. Rxd5 Rxc3 44. Kf2 Rc2+ 45. Ke3
Rc3+ 46. Kd4 Rxg3 47. Bxc4 Rh3 48. Rd6+ Kf5 49. Rd7 Kxf4 50. Rf7+ Kg3 51. Rxg7
Rxh4 52. Ke3 Rh5 53. Rxg4+ Kxg4 54. Be2+ Kg5 55. Bxh5 1/2-1/2

[Event "1. liga V 24/25, Chotebor-Dobra"]
[Site ""]
[Date "2024.12.08"]
[Round "4.5"]
[White "Ondracek, Ondrej"]
[Black "Fizer, Marek"]
[Result "1-0"]
[WhiteFideId "325708"]
[BlackFideId "391980"]
[WhiteElo "2093"]
[BlackElo "2169"]
[PlyCount "0"]
[WhiteTeam "TJ CHS Chotebor"]
[BlackTeam "Sokol Dobra"]
[EventDate "2024.10.20"]

1. e4 e6 2. d4 d5 3. e5 c5 4. c3 Nc6 5. Nf3 Bd7 6. a3 cxd4 7. cxd4 b5 8. Be2
Nge7 9. O-O Nf5 10. g4 Nh4 11. Nxh4 Qxh4 12. f4 Qd8 13. Nc3 a6 14. Be3 Qb6 15.
b4 Be7 16. Qd3 f6 17. g5 O-O-O 18. Kh1 Be8 19. Bg4 f5 20. Bf3 Bg6 21. Ne2 h6
22. gxh6 Rxh6 23. Rg1 Rdh8 24. Rg2 Be8 25. Rc1 R8h7 26. Ng3 g6 27. Nf1 Rh3 28.
Rg3 R3h4 29. Rg2 Kb7 30. Nd2 Rh3 31. Rf1 a5 32. bxa5 Nxa5 33. Rb1 Ka7 34. Bg1
Bd8 35. Nb3 Nc4 36. Nc5 g5 37. fxg5 Bh5 38. Rf1 Bg4 39. Qe2 Rxf3 40. Rxf3 Nd2
41. Rxg4 Nxf3 42. g6 Rg7 43. Qxf3 fxg4 44. Qf8 1-0

[Event "1. liga V 24/25, Chotebor-Dobra"]
[Site ""]
[Date "2024.12.08"]
[Round "4.6"]
[White "Slanina, Miroslav"]
[Black "Karasek, Lukas"]
[Result "1/2-1/2"]
[WhiteFideId "304867"]
[BlackFideId "325031"]
[WhiteElo "2155"]
[BlackElo "2207"]
[PlyCount "0"]
[WhiteTeam "Sokol Dobra"]
[BlackTeam "TJ CHS Chotebor"]
[EventDate "2024.10.20"]

1. d4 g6 2. Nf3 Bg7 3. Bf4 d6 4. e3 Nd7 5. h3 e5 6. Bh2 Qe7 7. Be2 Ngf6 8. O-O
O-O 9. c3 Ne4 10. Nbd2 Nxd2 11. Nxd2 f5 12. a4 Kh8 13. a5 Rb8 14. Nc4 a6 15.
Re1 g5 16. Qb3 e4 17. f3 Nf6 18. Nd2 exf3 19. Bxf3 g4 20. hxg4 fxg4 21. Bd5
Nh5 22. Bf4 g3 23. Nf1 Qh4 24. Bf3 Nxf4 25. exf4 Bg4 26. Bxg4 Qxg4 27. Re3
Rxf4 28. Nxg3 Rg8 29. Qe6 Qg5 30. Ne4 Qd8 31. Rf1 Rxf1+ 32. Kxf1 Re8 33. Qh3
d5 34. Ng5 Rf8+ 35. Nf3 Qg5 36. Qe6 c6 37. Kg1 Qf4 1/2-1/2

[Event "1. liga V 24/25, Chotebor-Dobra"]
[Site ""]
[Date "2024.12.08"]
[Round "4.7"]
[White "Tuma, Jiri"]
[Black "Filip, Tomas"]
[Result "1-0"]
[WhiteFideId "318337"]
[BlackFideId "358037"]
[WhiteElo "2260"]
[BlackElo "1996"]
[PlyCount "0"]
[WhiteTeam "TJ CHS Chotebor"]
[BlackTeam "Sokol Dobra"]
[EventDate "2024.10.20"]

1. e4 c5 2. b4 cxb4 3. a3 bxa3 4. Bxa3 d6 5. d4 g6 6. f4 Bg7 7. Nf3 Bg4 8. c3
Nf6 9. h3 Bxf3 10. Qxf3 Qb6 11. e5 dxe5 12. fxe5 Nfd7 13. Bc4 Rf8 14. Nd2 Nc6
15. Rb1 Qc7 16. O-O f6 17. Ne4 Ncxe5 18. dxe5 Qxc4 19. exf6 Bxf6 20. Nxf6+
Rxf6 21. Qxb7 Rxf1+ 22. Rxf1 Rb8 23. Qf3 Qe6 24. Kh1 a6 25. Qf2 Rb5 26. Qd4
Qe5 27. Qh4 Qg7 28. Qe4 Rb8 29. Re1 e5 30. Qd5 Rb6 31. Bd6 Qf6 32. Bc7 Re6 33.
Kg1 Nb6 34. Qb7 Qh4 35. Qb8+ Kf7 36. Rf1+ Rf6 37. Rxf6+ Qxf6 38. Bxb6 Qf4 39.
Qb7+ Kg8 40. Qd5+ Kg7 41. Qf3 Qc1+ 42. Kh2 Qa3 43. Qb7+ Kf6 44. Bd8+ 1-0

[Event "1. liga V 24/25, Chotebor-Dobra"]
[Site ""]
[Date "2024.12.08"]
[Round "4.8"]
[White "Keprt, Pavel"]
[Black "Vala, Filip"]
[Result "0-1"]
[WhiteFideId "306533"]
[BlackFideId "325490"]
[WhiteElo "1990"]
[BlackElo "2115"]
[PlyCount "0"]
[WhiteTeam "Sokol Dobra"]
[BlackTeam "TJ CHS Chotebor"]
[EventDate "2024.10.20"]

1. e4 c5 2. f4 d5 3. exd5 Qxd5 4. Nc3 Qd8 5. Bb5+ Bd7 6. Bxd7+ Nxd7 7. Nf3
Ngf6 8. Qe2 g6 9. d3 Bg7 10. O-O O-O 11. Bd2 a6 12. Ne5 Nxe5 13. fxe5 Qd4+ 14.
Kh1 Nd5 15. Rae1 Nxc3 16. Bxc3 Qd5 17. a3 b5 18. Qg4 a5 19. Qg3 b4 20. axb4
axb4 21. Bd2 Ra2 22. Bc1 Ra1 23. Bg5 Bxe5 24. Qh4 Rxe1 25. Rxe1 e6 26. b3 Qd4
27. Re4 Ra8 28. Bd2 Ra1+ 29. Be1 Qd5 30. Kg1 Bc3 31. Kf1 Rc1 32. Qf2 Qf5 33.
Re2 Bxe1 34. Rxe1 Rxc2 0-1

[Event "1. liga V 24/25, BSS-Jundrov"]
[Site ""]
[Date "2024.12.08"]
[Round "4.1"]
[White "Stalmach, Richard"]
[Black "Blatny, Pavel"]
[Result "1-0"]
[WhiteFideId "372048"]
[BlackFideId "300047"]
[WhiteElo "2455"]
[BlackElo "2315"]
[PlyCount "0"]
[WhiteTeam "BSS Frydek-Mistek B"]
[BlackTeam "Jezdci Jundrov"]
[EventDate "2024.10.20"]

1. d4 e6 2. c4 d5 3. Nc3 Bb4 4. Qa4+ Nc6 5. e3 Nf6 6. Nf3 Ne4 7. Qc2 Nxc3 8.
bxc3 Be7 9. Bd3 dxc4 10. Bxc4 O-O 11. O-O Bf6 12. e4 e5 13. Ba3 Be7 14. Bb2
Bd6 15. dxe5 Nxe5 16. Nxe5 Bxe5 17. f4 Bd6 18. e5 Bc5+ 19. Kh1 Qh4 20. Rf3 Bg4
21. Rg3 Rad8 22. Rf1 Rd7 23. Qe4 Be6 24. Bd3 Rfd8 25. Qe2 Qxg3 26. hxg3 Rxd3
27. Bc1 Bc4 28. Qg4 h5 29. Qxh5 g6 30. Qg5 Rd1 31. Rxd1 Rxd1+ 32. Kh2 Bg1+ 33.
Kh3 Be3 34. Kh2 Bg1+ 35. Kh3 Be6+ 36. f5 Bxf5+ 37. g4 Be6 38. Bd2 Bf2 39. Kh2
Bc5 40. a4 a5 41. Kg3 b5 42. axb5 a4 43. Qd8+ Bf8 44. Qd3 a3 45. Qc2 Bb3 46.
Qxb3 Rxd2 47. Qa4 a2 48. Qa8 Rc2 49. Kf4 Kg7 50. Qa6 Rf2+ 51. Ke4 Bc5 52. g3
Bb6 53. Qa3 Kh6 54. Qc1+ Kh7 55. Qa3 Kg8 56. Qa8+ Kg7 57. Qa3 Re2+ 58. Kd3 Rg2
59. Kc4 Kh6 60. Qf8+ Kg5 61. Qxf7 Rf2 62. Qe7+ Kxg4 63. Qh4+ Kf3 64. Qh1+ Kxg3
65. Qe1 Kf3 66. Qd1+ Kg2 67. e6 Rf1 1-0

[Event "1. liga V 24/25, BSS-Jundrov"]
[Site ""]
[Date "2024.12.08"]
[Round "4.2"]
[White "Seidl, Stepan"]
[Black "Piesik, Piotr"]
[Result "0-1"]
[WhiteFideId "338290"]
[BlackFideId "1136194"]
[WhiteElo "2141"]
[BlackElo "2419"]
[PlyCount "0"]
[WhiteTeam "Jezdci Jundrov"]
[BlackTeam "BSS Frydek-Mistek B"]
[EventDate "2024.10.20"]

1. e4 c6 2. Nf3 d5 3. Nc3 Bg4 4. h3 Bxf3 5. Qxf3 Nf6 6. d4 e6 7. Bd3 dxe4 8.
Nxe4 Qxd4 9. Be3 Qe5 10. O-O-O Nbd7 11. Rhe1 Qa5 12. Nxf6+ Nxf6 13. Kb1 O-O-O
14. g4 h6 15. h4 Qd5 16. Be4 Qc4 17. Rxd8+ Kxd8 18. b3 Qb4 19. c3 Qxe4+ 0-1

[Event "1. liga V 24/25, BSS-Jundrov"]
[Site ""]
[Date "2024.12.08"]
[Round "4.3"]
[White "Gnojek, Petr"]
[Black "Novosadova, Kristyna"]
[Result "1-0"]
[WhiteFideId "371807"]
[BlackFideId "328065"]
[WhiteElo "2421"]
[BlackElo "2126"]
[PlyCount "0"]
[WhiteTeam "BSS Frydek-Mistek B"]
[BlackTeam "Jezdci Jundrov"]
[EventDate "2024.10.20"]

1. d4 Nf6 2. c4 c5 3. d5 b5 4. cxb5 a6 5. bxa6 Bxa6 6. Nc3 g6 7. e4 Bxf1 8.
Kxf1 d6 9. g3 Bg7 10. Kg2 O-O 11. Nf3 Nfd7 12. Qe2 Qc8 13. Nd2 Qa6 14. Nb5 Nb6
15. Nf3 N8d7 16. Bg5 Rfb8 17. Rab1 Nc8 18. a4 Qxa4 19. Nc3 Qa6 20. Qe3 Ne5 21.
Nxe5 Bxe5 22. h4 Rb3 23. h5 Qb7 24. hxg6 hxg6 25. Rbc1 Rxb2 26. Qf3 Ra3 27.
Rh7 Bg7 28. Rch1 Qb4 29. Qg4 f5 30. Rxg7+ Kxg7 31. Qh4 Kf7 32. Qh8 Rxf2+ 33.
Kxf2 Qd4+ 34. Qxd4 cxd4 35. Nb5 Ra2+ 36. Kf3 fxe4+ 37. Kxe4 Re2+ 38. Kxd4 Nb6
39. Nc7 Re5 40. Bf4 Rh5 41. Rxh5 gxh5 42. Bg5 Nd7 43. Ke4 Nf8 44. Kf5 1-0

[Event "1. liga V 24/25, BSS-Jundrov"]
[Site ""]
[Date "2024.12.08"]
[Round "4.4"]
[White "Gabriel, Adam"]
[Black "Rabatin, Jakub"]
[Result "1-0"]
[WhiteFideId "332020"]
[BlackFideId "329517"]
[WhiteElo "2296"]
[BlackElo "2319"]
[PlyCount "0"]
[WhiteTeam "Jezdci Jundrov"]
[BlackTeam "BSS Frydek-Mistek B"]
[EventDate "2024.10.20"]

1. b3 e5 2. Bb2 Nc6 3. e3 Nf6 4. Bb5 Bd6 5. Na3 Na5 6. Be2 c6 7. c4 Qe7 8. Nc2
c5 9. f4 exf4 10. Nh3 f3 11. Bxf3 Be5 12. Bxe5 Qxe5 13. Nf4 O-O 14. d4 cxd4
15. Qxd4 d6 16. O-O-O Bf5 17. Qxd6 Qe8 18. Nd5 Nxd5 19. Rxd5 Bxc2 20. Rxa5 Bg6
21. Re5 Qc8 22. Rd1 Rb8 23. Qd7 b5 24. Rxb5 Rxb5 25. Qxb5 Qc7 26. h4 Qe7 27.
Kb2 Qxh4 28. Qd5 h6 29. c5 Qe7 30. e4 Rc8 31. c6 Kh7 32. e5 Bf5 33. Be4 Bxe4
34. Qxe4+ g6 35. Rd7 Qe6 36. Rd6 Qe7 37. Qd5 Rc7 38. Rd7 1-0

[Event "1. liga V 24/25, BSS-Jundrov"]
[Site ""]
[Date "2024.12.08"]
[Round "4.5"]
[White "Virostko, Petr"]
[Black "Buchnicek, Petr"]
[Result "0-1"]
[WhiteFideId "308340"]
[BlackFideId "305235"]
[WhiteElo "2298"]
[BlackElo "2210"]
[PlyCount "0"]
[WhiteTeam "BSS Frydek-Mistek B"]
[BlackTeam "Jezdci Jundrov"]
[EventDate "2024.10.20"]

1. d4 f5 2. g3 Nf6 3. Bg2 e6 4. Nf3 d5 5. O-O Bd6 6. b3 Qe7 7. c4 c6 8. a4 a5
9. Ba3 Bxa3 10. Nxa3 b6 11. Ne5 Bb7 12. Qd2 O-O 13. Rfc1 Ne4 14. Qe3 Nd7 15.
Nxd7 Qxd7 16. f3 Nd6 17. c5 bxc5 18. Rxc5 f4 19. gxf4 Rf6 20. Nc2 Qf7 21. Ne1
Nf5 22. Qf2 Qh5 23. Nd3 Nh4 24. Kh1 Rh6 25. Rg1 Nf5 26. h3 Qh4 27. e3 Qxf2 28.
Nxf2 Nxe3 29. Ng4 Nxg4 30. fxg4 Rf6 31. Rf1 Kf8 32. Kh2 Ke7 33. Kg3 Kd6 34.
Rf3 Rff8 35. Bf1 Bc8 36. Bd3 h6 37. Bg6 Bd7 38. h4 Rfb8 39. Kf2 Rb4 40. Rd3
Rxd4 41. Rxc6+ Bxc6 42. Rxd4 e5 43. fxe5+ Kxe5 44. Ke3 Rb8 45. Bc2 g5 46. hxg5
hxg5 47. Rd2 Bd7 48. Rh2 Bxg4 49. Kd2 Bf3 50. Rh6 g4 51. Ke3 d4+ 52. Kf2 Rc8
53. Rh5+ Kd6 54. Bd3 Bd5 55. Bc4 Bxc4 56. bxc4 Rxc4 57. Rxa5 Rc2+ 58. Kg3 d3
59. Ra8 Kc7 60. Ra7+ Kc6 61. Ra8 Kc7 62. Ra7+ Kd6 63. Ra8 Ke5 64. a5 Rc7 65.
a6 Rd7 66. a7 Kd4 67. Rf8 Rxa7 68. Kxg4 d2 69. Rd8+ Ke3 70. Re8+ Kf2 71. Rf8+
Ke2 72. Re8+ Kd3 73. Rd8+ Kc2 74. Rc8+ Kd1 75. Kf3 Rf7+ 76. Kg3 Rf1 77. Kg2
Rf5 78. Kg3 Ke2 79. Re8+ Kd3 80. Rd8+ Ke3 81. Kg2 Rf2+ 82. Kg3 Rf1 0-1